| 000 | 00503nam a2200193Ia 4500 | ||
|---|---|---|---|
| 005 | 20250423095315.0 | ||
| 008 | 250422s9999 xx 000 0 und d | ||
| 020 | _a1588262081 | ||
| 050 | _aHC 241.2 .D476/ | ||
| 100 | _aDinan, Desmond, | ||
| 245 | 0 | _aEver closer union an introduction to European integration | |
| 250 | _a3rd ed. | ||
| 260 | _aHampshire | ||
| 260 | _bPalgrave Macmillan | ||
| 260 | _c2005 | ||
| 300 | _a665 p | ||
| 650 | _aEuropean Union. European federation. | ||
| 942 | _cBK | ||
| 999 |
_c29872 _d29872 |
||